<?xml version="1.0" encoding="UTF-8"?>
<record
    xmlns:xsi="http://www.w3.org/2001/XMLSchema-instance"
    xsi:schemaLocation="http://www.loc.gov/MARC21/slim http://www.loc.gov/standards/marcxml/schema/MARC21slim.xsd"
    xmlns="http://www.loc.gov/MARC21/slim">

  <leader>00439nam a22001457a 4500</leader>
  <controlfield tag="005">20150527112848.0</controlfield>
  <controlfield tag="008">150527b        xxu||||| |||| 00| 0 eng d</controlfield>
  <datafield tag="040" ind1=" " ind2=" ">
    <subfield code="c">PK-LaUMT</subfield>
  </datafield>
  <datafield tag="082" ind1=" " ind2=" ">
    <subfield code="a">KHC 954.0317</subfield>
    <subfield code="b">INQ-</subfield>
  </datafield>
  <datafield tag="245" ind1=" " ind2=" ">
    <subfield code="a">&#x627;&#x646;&#x642;&#x644;&#x627;&#x628; 1857</subfield>
    <subfield code="b">&#x62C;&#x62F;&#x6CC;&#x62F; &#x627;&#x646;&#x6A9;&#x634;&#x627;&#x641;&#x627;&#x62A;</subfield>
    <subfield code="c">&#x67E;&#x6CC; &#x633;&#x6CC; &#x62C;&#x648;&#x634;&#x6CC;(&#x62A;&#x631;&#x62A;&#x6CC;&#x628;</subfield>
  </datafield>
  <datafield tag="260" ind1=" " ind2=" ">
    <subfield code="a">&#x644;&#x627;&#x6C1;&#x648;&#x631;</subfield>
    <subfield code="b">&#x645;&#x6A9;&#x62A;&#x628;&#x6C1; &#x627;&#x62E;&#x648;&#x62A;</subfield>
    <subfield code="c">1995</subfield>
  </datafield>
  <datafield tag="300" ind1=" " ind2=" ">
    <subfield code="a">239 &#x635;</subfield>
  </datafield>
  <datafield tag="700" ind1=" " ind2=" ">
    <subfield code="a">&#x645;&#x62D;&#x645;&#x62F; &#x639;&#x644;&#x6CC; &#x641;&#x627;&#x631;&#x648;&#x642;(&#x62A;&#x631;&#x62A;&#x6CC;&#x628;</subfield>
  </datafield>
  <datafield tag="942" ind1=" " ind2=" ">
    <subfield code="c">BK</subfield>
  </datafield>
  <datafield tag="999" ind1=" " ind2=" ">
    <subfield code="c">72294</subfield>
    <subfield code="d">72294</subfield>
  </datafield>
  <datafield tag="952" ind1=" " ind2=" ">
    <subfield code="0">0</subfield>
    <subfield code="1">0</subfield>
    <subfield code="4">0</subfield>
    <subfield code="7">0</subfield>
    <subfield code="a">01</subfield>
    <subfield code="b">01</subfield>
    <subfield code="d">2015-05-27</subfield>
    <subfield code="l">1</subfield>
    <subfield code="o">KHC 954.0317 INQ-</subfield>
    <subfield code="p">68865</subfield>
    <subfield code="r">2016-03-10 00:00:00</subfield>
    <subfield code="s">2016-03-01</subfield>
    <subfield code="w">2015-05-27</subfield>
    <subfield code="y">BK</subfield>
  </datafield>
</record>
